| 000 | 01053nam a22002897a 4500 | ||
|---|---|---|---|
| 005 | 20100602120615.0 | ||
| 008 | 100602t xxu||||| |||| 00| 0 eng d | ||
| 010 | _aENG-96261 | ||
| 020 |
_a9780070683587 _c575.00 |
||
| 020 |
_a0070683581 _c575.00 |
||
| 035 | _aEN-79794 | ||
| 037 | _bDBAD/PUB | ||
| 040 |
_aDPL _bENG |
||
| 082 | _a006.3 | ||
| 100 | _aSchrader, Michael | ||
| 245 |
_aOracle Essbase & Oracle OLAP: _bthe guide to Oracle's multidimensional solution / _cby Michael Schrader...[et.al] |
||
| 260 |
_aNew Delhi _bTata McGraw Hill _c2010 |
||
| 270 |
_a7, West Patel Nagar _bNew Delhi _e110008 |
||
| 300 |
_axxvi, 498p.: _bill. _c23 cm (pbk) |
||
| 500 | _aincludes bibliographical references and index. | ||
| 650 | _aDatabase management. | ||
| 650 |
_aDatabase management _xStatistics. |
||
| 650 | _aOLAP technology. | ||
| 700 | _aSchrader, Michael | ||
| 942 |
_2ddc _cEN _mSCH _h006.3 |
||
| 999 |
_c36481 _d36481 |
||